| 000 | 00544nam a22001697a 4500 | ||
|---|---|---|---|
| 003 | MACL | ||
| 005 | 20160717152135.0 | ||
| 008 | 160717b xxu||||| |||| 00| 0 eng d | ||
| 040 | _cMACL | ||
| 041 | _aHindi | ||
| 082 | _a891.432 BHU | ||
| 100 |
_aभुसारी, उषा _964627 |
||
| 245 |
_aदिशा बदलना चाहते हैं आप _cउषा भुसारी |
||
| 260 |
_aनई दिल्ली _bप्रेम प्रकाशन _c2012 |
||
| 650 |
_aनाटक _964629 |
||
| 942 |
_2ddc _cHIN |
||
| 999 |
_c54376 _d54376 |
||